Catalog

Record Details

Catalog Search



Human and Water Security in Israel and Jordan Cover Image E-book E-book

Human and Water Security in Israel and Jordan

Record details

  • ISBN: 9783642292996
  • Physical Description: electronic
    electronic resource
    access
    remote
    XVI, 113 p. 1 illus. in color. online resource.
  • Publisher: Berlin, Heidelberg : Springer Berlin Heidelberg : Imprint: Springer, 2013.
Subject: Environmental sciences
Environmental law
Environmental pollution
Social policy
Environment
Waste Water Technology / Water Pollution Control / Water Management / Aquatic Pollution
Environmental Law/Policy/Ecojustice
Political Economy
Political Theory
Environment, general
Social Policy

Electronic resources


LDR 01863nam a22004695i 4500
00142371
003CONS
00520130726232537.0
007cr nn 008mamaa
008121026s2013 gw | s |||| 0|eng d
020 . ‡a9783642292996 ‡9978-3-642-29299-6
0247 . ‡a10.1007/978-3-642-29299-6 ‡2doi
035 . ‡a(DE-He213)978-3-642-29299-6
050 4. ‡aTD419-428
072 7. ‡aTQSW ‡2bicssc
072 7. ‡aKNBW ‡2bicssc
072 7. ‡aTEC010000 ‡2bisacsh
1001 . ‡aSchäfer, Philip Jan. ‡eauthor.
24510. ‡aHuman and Water Security in Israel and Jordan ‡h[electronic resource] / ‡cby Philip Jan Schäfer.
264 1. ‡aBerlin, Heidelberg : ‡bSpringer Berlin Heidelberg : ‡bImprint: Springer, ‡c2013.
300 . ‡aXVI, 113 p. 1 illus. in color. ‡bonline resource.
336 . ‡atext ‡btxt ‡2rdacontent
337 . ‡acomputer ‡bc ‡2rdamedia
338 . ‡aonline resource ‡bcr ‡2rdacarrier
347 . ‡atext file ‡bPDF ‡2rda
4901 . ‡aSpringerBriefs in Environment, Security, Development and Peace, ‡x2193-3162 ; ‡v3
650 0. ‡aEnvironmental sciences.
650 0. ‡aEnvironmental law.
650 0. ‡aEnvironmental pollution.
650 0. ‡aSocial policy.
65014. ‡aEnvironment.
65024. ‡aWaste Water Technology / Water Pollution Control / Water Management / Aquatic Pollution.
65024. ‡aEnvironmental Law/Policy/Ecojustice.
65024. ‡aPolitical Economy.
65024. ‡aPolitical Theory.
65024. ‡aEnvironment, general.
65024. ‡aSocial Policy.
7102 . ‡aSpringerLink (Online service)
7730 . ‡tSpringer eBooks
77608. ‡iPrinted edition: ‡z9783642292989
830 0. ‡aSpringerBriefs in Environment, Security, Development and Peace, ‡x2193-3162 ; ‡v3
85640. ‡uhttp://biblioteca.ipicyt.edu.mx:2048/login?url=http://dx.doi.org/10.1007/978-3-642-29299-6 ‡yTexto completo ‡9CONS
950 . ‡aEarth and Environmental Science (Springer-11646)
901 . ‡a42371 ‡b ‡c42371 ‡tbiblio ‡sSystem Local

Additional Resources